书目信息 |
| 题名: |
C#本质论
|
|
| 作者: | 米凯利斯 著 | |
| 分册: | ||
| 出版信息: | 北京 人民邮电出版社 2009.11 |
|
| 页数: | 610页 | |
| 开本: | 24cm | |
| 丛书名: | ||
| 单 册: | ||
| 中图分类: | TP312 | |
| 科图分类: | ||
| 主题词: | 软件 | |
| 电子资源: | ||
| ISBN: | 7-115-21387-9 | |
| 000 | 00581nam0 2200205 450 | |
| 001 | 1141959156 | |
| 005 | 20110302114846.54 | |
| 010 | @a7-115-21387-9@dCNY85.00 | |
| 100 | @a20110302d2009 km y0chiy0120 ea | |
| 101 | 0 | @achi |
| 102 | @aCN@b110000 | |
| 200 | 1 | @aC#本质论@AC#ben zhi lun@f(美)米凯利斯著@F(mei)mi kai li si zhu |
| 205 | @a第2版 | |
| 210 | @a北京@c人民邮电出版社@d2009.11 | |
| 215 | @a610页@d24cm | |
| 606 | 0 | @a软件 |
| 690 | @aTP312@v4 | |
| 701 | 0 | @a米凯利斯@Ami kai li si@4著 |
| 801 | 0 | @aCN@b大连网信软件有限公司图书馆·11@c20110302 |
| 905 | @aZUCC@dTP312@eM5402=2 | |
| C#本质论/(美)米凯利斯著.-第2版.-北京:人民邮电出版社,2009.11 |
| 610页;24cm |
| ISBN 7-115-21387-9:CNY85.00 |
| ● |
| 相关链接 |
|
|
|
正题名:C#本质论
索取号:TP312/M5402=2
 
预约/预借
| 序号 | 登录号 | 条形码 | 馆藏地/架位号 | 状态 | 备注 |
| 1 | 825792 | 208257928 | 期刊室512/301自科库 75排1列3层/ [索取号:TP312/M5402=2] | 在馆 | |
| 2 | 825793 | 208257937 | 期刊室512/301自科库 75排1列3层/ [索取号:TP312/M5402=2] | 在馆 |